000 00325nam a22001337a 4500
008 170821b xxu||||| |||| 00| 0 eng d
020 _a9780534088446
041 _aeng
080 _24TH
_a51
100 _a37
101 _aMAT
245 _aA FIRST UNDERGRADUATE COURSE IN ABSTRACT ALGEBRA
_cHILLMAN,A.P
942 _2udc
_cBK
999 _c24170
_d24170